[Event "Novosibirsk Sukharev Memorial op"]
[Site "Novosibirsk"]
[Date "2011.07.25"]
[Round "9"]
[White "Popov, Vyacheslav"]
[Black "Abramov, Ilya"]
[Result "0-1"]
[WhiteElo "1967"]
[BlackElo "1799"]
[PlyCount "82"]
[EventDate "2011.07.18"]
[EventType "swiss"]
[EventRounds "9"]
[EventCountry "RUS"]
[SourceTitle "EXT 2012"]
[Source "ChessBase"]
[SourceDate "2011.11.24"]
[SourceVersion "1"]
[SourceVersionDate "2011.11.24"]
[SourceQuality "1"]

1. e4 e5 2. f4 exf4 3. Nf3 g5 4. h4 f6 5. Nxg5 h5 6. Nh3 Qe7 7. Nc3 f5 8. Nxf4 fxe4 9. Qe2 Qf7 10. Qxe4+ Kd8 11. Bc4 Qg7 12. 0-0 Nf6 13. Qg6 Ng4 14. d3 Qd4+ 15. Kh1 Be7 16. Ne4 Bxh4 17. Ne6+ dxe6 18. Bg5+ Bxg5 19. Qxg5+ Ke8 20. Qg6+ Kd8 21. Ng5 Nh6 22. c3 Qh4+ 23. Kg1 Ng4 24. Nf7+ Ke7 25. Rfe1 Qh2+ 26. Kf1 Qf4+ 27. Ke2 Qxf7 28. Qg5+ Qf6 29. Qc5+ Kd8 30. Kd1 Nd7 31. Qa3 Nde5 32. Kc2 Qf2+ 33. Kb3 Qb6+ 34. Kc2 Qd6 35. b4 Rf8 36. Re4 Ke7 37. Rae1 Rf2+ 38. Kc1 Nxc4 39. Rxc4 Qa6 40. Qb3 Qxa2 41. Rxc7+ Kd8 0-1

[Event "Berdsk Maestro op 16th"]
[Site "Berdsk"]
[Date "2010.07.09"]
[Round "2"]
[White "Bublei, Pavel"]
[Black "Popov, Vyacheslav"]
[Result "1-0"]
[WhiteElo "2249"]
[BlackElo "1988"]
[PlyCount "87"]
[EventDate "2010.07.08"]
[EventType "swiss"]
[EventRounds "9"]
[EventCountry "RUS"]
[SourceTitle "EXT 2011"]
[Source "ChessBase"]
[SourceDate "2010.11.26"]
[SourceVersion "1"]
[SourceVersionDate "2010.11.26"]
[SourceQuality "1"]

1. d4 e6 2. g3 f5 3. Bg2 Nf6 4. Nf3 d5 5. 0-0 Bd6 6. b3 0-0 7. c4 c6 8. Ba3 Ne4 9. Qd3 b6 10. Bxd6 Qxd6 11. Nc3 Ba6 12. Ne5 Nd7 13. Nxd7 Qxd7 14. f3 dxc4 15. bxc4 Nd6 16. Qe3 Nxc4 17. Qf2 Rad8 18. Rfd1 Qc7 19. f4 Rf7 20. e3 Rfd7 21. Rac1 h6 22. h3 g6 23. e4 Kg7 24. Kh2 Bb7 25. Bf1 Nd6 26. e5 Ne4 27. Nxe4 fxe4 28. Bc4 c5 29. Bxe6 Re7 30. d5 Qb8 31. f5 Qxe5 32. d6 Rxe6 33. fxe6 Qxe6 34. Rf1 Bd5 35. Qb2+ Kh7 36. Rf6 Qe8 37. Qc3 e3 38. Rcf1 Bg8 39. Re1 e2 40. Qf3 Qe5 41. Rxe2 Qd5 42. Re7+ Kh8 43. Qxd5 Bxd5 44. d7 1-0

[Event "Novosibirsk April op"]
[Site "Novosibirsk"]
[Date "2010.04.09"]
[Round "7"]
[White "Moskalev, Alexander"]
[Black "Popov, Vyacheslav"]
[Result "1-0"]
[WhiteElo "1957"]
[BlackElo "1993"]
[PlyCount "65"]
[EventDate "2010.04.02"]
[EventType "swiss"]
[EventRounds "9"]
[EventCountry "RUS"]
[SourceTitle "EXT 2011"]
[Source "ChessBase"]
[SourceDate "2010.11.26"]
[SourceVersion "1"]
[SourceVersionDate "2010.11.26"]
[SourceQuality "1"]

1. e4 Nc6 2. d4 d5 3. e5 Bf5 4. Bb5 e6 5. Ne2 Be7 6. 0-0 Qd7 7. c3 f6 8. f4 Nh6 9. Nd2 a6 10. Ba4 0-0 11. Nf3 Rf7 12. Ng3 Bg4 13. Bc2 Raf8 14. exf6 Bxf3 15. Rxf3 Rxf6 16. Bd2 Bd6 17. Qf1 Qf7 18. Qd3 g6 19. Raf1 Ne7 20. h3 c5 21. Ne2 Nhf5 22. Be1 cxd4 23. cxd4 Nc6 24. g4 Nfxd4 25. Nxd4 Nxd4 26. Qxd4 Rxf4 27. Rxf4 Bxf4 28. Kg2 e5 29. Qc5 Qd7 30. Bb3 Kg7 31. Qxd5 Qc7 32. Bc3 Rd8 33. Qc4 1-0

[Event "Novosibirsk April op"]
[Site "Novosibirsk"]
[Date "2010.04.08"]
[Round "6"]
[White "Popov, Vyacheslav"]
[Black "Faleev, Vasily"]
[Result "1-0"]
[WhiteElo "1993"]
[BlackElo "1937"]
[PlyCount "67"]
[EventDate "2010.04.02"]
[EventType "swiss"]
[EventRounds "9"]
[EventCountry "RUS"]
[SourceTitle "EXT 2011"]
[Source "ChessBase"]
[SourceDate "2010.11.26"]
[SourceVersion "1"]
[SourceVersionDate "2010.11.26"]
[SourceQuality "1"]

1. e4 e5 2. f4 Nc6 3. Nf3 exf4 4. d4 g5 5. Bc4 Qe7 6. 0-0 Bg7 7. Nc3 h6 8. Nd5 Qd8 9. c3 Na5 10. Bd3 c6 11. Nxf4 gxf4 12. b4 Qc7 13. e5 c5 14. bxa5 Qxa5 15. Bxf4 Ne7 16. Bd2 Qc7 17. Nh4 cxd4 18. Qh5 Rf8 19. Rxf7 Rxf7 20. Rf1 Qxe5 21. Qxf7+ Kd8 22. Ng6 Nxg6 23. Bxg6 Qe7 24. Qxe7+ Kxe7 25. Rf7+ Ke6 26. Rxg7 dxc3 27. Bxc3 b5 28. Be4 Rb8 29. Rg6+ Kf7 30. Be5 Rb6 31. Rxb6 axb6 32. Bd5+ Kg6 33. Kf2 b4 34. Bd6 1-0

[Event "Berdsk Maestro op 15th"]
[Site "Berdsk"]
[Date "2009.07.13"]
[Round "6"]
[White "Popov, Vyacheslav"]
[Black "Zenzera, Alexey"]
[Result "1/2-1/2"]
[WhiteElo "1833"]
[BlackElo "2099"]
[PlyCount "135"]
[EventDate "2009.07.08"]
[EventType "swiss"]
[EventRounds "9"]
[EventCountry "RUS"]
[SourceTitle "EXT 2022"]
[Source "ChessBase"]
[SourceDate "2021.10.06"]
[SourceVersion "1"]
[SourceVersionDate "2021.10.06"]
[SourceQuality "1"]

1. d4 Nf6 2. c4 e6 3. Nc3 Bb4 4. a3 Bxc3+ 5. bxc3 0-0 6. f3 d5 7. cxd5 Nxd5 8. Qc2 f5 9. e3 f4 10. exf4 Nxf4 11. Bxf4 Rxf4 12. Bd3 h6 13. Ne2 Rf8 14. 0-0 b6 15. Be4 c6 16. Rad1 Qc7 17. f4 Nd7 18. c4 Nf6 19. Bf3 Bb7 20. g4 c5 21. d5 exd5 22. cxd5 Qe7 23. Kh1 Rad8 24. Qc4 Kh8 25. g5 Nxd5 26. Bxd5 Bxd5+ 27. Rxd5 Rxd5 28. Qxd5 Qxe2 29. Rf3 Re8 30. gxh6 gxh6 31. Qh5 Qe6 32. f5 Qe1+ 33. Kg2 Re2+ 34. Kh3 Qd2 35. Rf2 Qe3+ 36. Rf3 Qd2 37. Rf2 Qe3+ 38. Rf3 Qg5 39. Qxg5 hxg5 40. f6 Kg8 41. Kg4 Rxh2 42. Kxg5 Kf7 43. Rd3 Rg2+ 44. Kf5 Rf2+ 45. Ke5 Re2+ 46. Kf5 Ke8 47. Rh3 c4 48. Kg6 Rg2+ 49. Kf5 a6 50. Ke6 Re2+ 51. Kf5 b5 52. Rh8+ Kf7 53. Rh7+ Kg8 54. Ra7 c3 55. Rxa6 c2 56. Rc6 Kf7 57. Rc7+ Ke8 58. f7+ Kf8 59. Kf6 Rf2+ 60. Ke6 Kg7 61. Kd5 Kf8 62. Rc8+ Kxf7 63. Rc3 Kf6 64. Kc5 Ke5 65. Kb4 Kd4 66. Rc8 Kd3 67. Kb3 Rf3 68. Rxc2 1/2-1/2

[Event "Novosibirsk Sukharev Memorial op"]
[Site "Novosibirsk"]
[Date "2008.07.28"]
[Round "?"]
[White "Pushilin, Artem"]
[Black "Popov, Vyacheslav"]
[Result "1-0"]
[WhiteElo "2169"]
[BlackElo "1907"]
[PlyCount "81"]
[EventDate "2008.07.20"]
[EventType "swiss"]
[EventRounds "9"]
[EventCountry "RUS"]
[SourceTitle "EXT 2022"]
[Source "ChessBase"]
[SourceDate "2021.10.06"]
[SourceVersion "1"]
[SourceVersionDate "2021.10.06"]
[SourceQuality "1"]

1. d4 e6 2. Nf3 f5 3. Bf4 Nf6 4. e3 b6 5. c4 Bb7 6. a3 Be7 7. h3 d6 8. Nc3 0-0 9. Bh2 Ne4 10. Bd3 Nd7 11. 0-0 Ng5 12. Nxg5 Bxg5 13. Qc2 g6 14. b4 Bf6 15. Rfd1 Bg7 16. Rac1 Rf7 17. c5 Qg5 18. f4 Qe7 19. Nb5 dxc5 20. bxc5 Nf6 21. c6 Ba6 22. Qb3 Bxb5 23. Bxb5 Nd5 24. Ba6 Rd8 25. Bg3 h6 26. Rd3 Qd6 27. Kh2 Qe7 28. Qd1 Bf8 29. Bc4 a5 30. Ba2 Qf6 31. Qf3 Rg7 32. e4 fxe4 33. Qxe4 Rd6 34. Rf3 Qf5 35. Qe2 Rd8 36. Re1 Re8 37. Qe4 Qxe4 38. Rxe4 Kf7 39. f5 gxf5 40. Bxd5 exd5 41. Rxf5+ 1-0

[Event "Novosibirsk Sibiria op-C"]
[Site "Novosibirsk"]
[Date "2007.07.27"]
[Round "7"]
[White "Popov, Vyacheslav"]
[Black "Parkhomenko, Alexander"]
[Result "1-0"]
[WhiteElo "1897"]
[BlackElo "2002"]
[PlyCount "231"]
[EventDate "2007.07.21"]
[EventType "swiss"]
[EventRounds "9"]
[EventCountry "RUS"]
[SourceTitle "EXT 2008"]
[Source "ChessBase"]
[SourceDate "2007.11.25"]
[SourceVersion "1"]
[SourceVersionDate "2007.11.25"]
[SourceQuality "1"]

1. e4 c5 2. Nf3 Nc6 3. d3 d6 4. g3 g6 5. Bg2 Bg7 6. 0-0 e5 7. h3 Nge7 8. c3 0-0 9. Nh2 Be6 10. Ng4 Qd7 11. Kh2 Kh8 12. f4 Rad8 13. Be3 b6 14. Nd2 f5 15. Nf2 d5 16. fxe5 dxe4 17. dxe4 Nxe5 18. Qe2 Nd3 19. Nxd3 Qxd3 20. Rfe1 fxe4 21. Bxe4 Qxe2+ 22. Rxe2 h6 23. a4 Nf5 24. Bf2 Bc8 25. Nf3 Ba6 26. Rd2 Rxd2 27. Nxd2 Nd6 28. Kg1 Nxe4 29. Nxe4 Bc8 30. a5 Bxh3 31. axb6 axb6 32. Ra6 Rb8 33. Nd6 Be6 34. Ne4 Bd5 35. Nd2 Be5 36. Ra7 Rb7 37. Rxb7 Bxb7 38. Nc4 Bc7 39. b4 Ba6 40. Nd2 cxb4 41. cxb4 Kg7 42. Bd4+ Kf7 43. Kf2 Ke6 44. Be3 g5 45. Kf3 Bb7+ 46. Kg4 b5 47. Bc5 Bd5 48. Nf1 Bc4 49. Ne3 Be2+ 50. Kh3 h5 51. Nc2 Bf1+ 52. Kh2 Ke5 53. Ne3 Be2 54. Kg2 Bd8 55. Kf2 Bd3 56. Kf3 Bf6 57. Bf8 Kd4 58. Bc5+ Kc3 59. Nd5+ Kb3 60. Nxf6 h4 61. g4 Bc2 62. Ke2 Kc4 63. Ne8 Kd5 64. Nc7+ Kc4 65. Ne6 h3 66. Kf2 Bd1 67. Kg3 h2 68. Kxh2 Bxg4 69. Nxg5 Kd5 70. Kg3 Be2 71. Nf3 Ke4 72. Nh4 Bf1 73. Kg4 Bd3 74. Kg5 Ke5 75. Ng6+ Kd5 76. Ne7+ Ke5 77. Ng6+ Ke4 78. Kf6 Bc4 79. Ne7 Kf4 80. Bd6+ Ke4 81. Kg7 Kd3 82. Kf8 Kc3 83. Ke8 Kb3 84. Kd7 Ka4 85. Kc6 Bf1 86. Kc5 Be2 87. Nd5 Kb3 88. Be5 Bc4 89. Nc3 Kc2 90. Nxb5 Bf1 91. Nd4+ Kc3 92. b5 Bxb5 93. Nxb5+ Kd3 94. Kd5 Ke3 95. Nd4 Kf2 96. Ke4 Kg2 97. Ke3 Kg1 98. Kf3 Kh1 99. Nf5 Kg1 100. Ng3 Kh2 101. Bd4 Kh3 102. Bg1 Kh4 103. Ne4 Kh3 104. Ng5+ Kh4 105. Kf4 Kh5 106. Kf5 Kh4 107. Bf2+ Kh5 108. Ne6 Kh6 109. Bg3 Kh5 110. Ng7+ Kh6 111. Kf6 Kh7 112. Nf5 Kg8 113. Bd6 Kh8 114. Kg6 Kg8 115. Nh6+ Kh8 116. Be5# 1-0

[Event "Novosibirsk Sibiria op-C"]
[Site "Novosibirsk"]
[Date "2007.07.22"]
[Round "2"]
[White "Popov, Vyacheslav"]
[Black "Gankin, Stanislav"]
[Result "0-1"]
[WhiteElo "1897"]
[BlackElo "2338"]
[PlyCount "32"]
[EventDate "2007.07.21"]
[EventType "swiss"]
[EventRounds "9"]
[EventCountry "RUS"]
[SourceTitle "EXT 2008"]
[Source "ChessBase"]
[SourceDate "2007.11.25"]
[SourceVersion "1"]
[SourceVersionDate "2007.11.25"]
[SourceQuality "1"]

1. e4 e6 2. d4 d5 3. Nc3 Nf6 4. e5 Nfd7 5. Nf3 c5 6. dxc5 Bxc5 7. Bd3 Nc6 8. Bf4 f6 9. Qe2 fxe5 10. Nxe5 Ndxe5 11. Bxe5 Nxe5 12. Qxe5 0-0 13. Qh5 Bxf2+ 14. Ke2 Qh4 15. Qxh7+ Qxh7 16. Bxh7+ Kxh7 0-1

[Event "Novosibirsk Sibiria op-C"]
[Site "Novosibirsk"]
[Date "2007.07.21"]
[Round "1"]
[White "Dzhumagaliev, Yan"]
[Black "Popov, Vyacheslav"]
[Result "0-1"]
[WhiteElo "2246"]
[BlackElo "1897"]
[PlyCount "58"]
[EventDate "2007.07.21"]
[EventType "swiss"]
[EventRounds "9"]
[EventCountry "RUS"]
[SourceTitle "EXT 2008"]
[Source "ChessBase"]
[SourceDate "2007.11.25"]
[SourceVersion "1"]
[SourceVersionDate "2007.11.25"]
[SourceQuality "1"]

1. Nf3 d6 2. d4 Nd7 3. c4 Ngf6 4. Nc3 g6 5. e4 e5 6. Be2 Bg7 7. 0-0 0-0 8. Re1 c6 9. Bf1 h6 10. d5 c5 11. a3 a5 12. Bd2 b6 13. Nb5 Ne8 14. b4 f5 15. Bd3 g5 16. g3 Ndf6 17. bxc5 fxe4 18. Bxe4 bxc5 19. Bg6 e4 20. Nxg5 hxg5 21. Bxg5 Qd7 22. Ra2 Qh3 23. Bxe8 Bg4 24. f3 exf3 25. Qc1 Raxe8 26. Nxd6 Re2 27. Raxe2 fxe2 28. Qc2 Ne4 29. Qxe4 Rf1+ 0-1